| 000 | 00490nam a2200157Ia 4500 | ||
|---|---|---|---|
| 008 | 160316s2004 xxu||||| |||| 00| 0 eng d | ||
| 082 |
_a341.600000 _bDIN |
||
| 100 | _aDinstein Yoram | ||
| 245 | _aThe conduct of hostilities under the law of international armed conflict | ||
| 250 | _a | ||
| 260 |
_aCambridge _bCambridge University Press _c2004 |
||
| 300 |
_a275p _b _cxvi |
||
| 365 | _b Rs.2,020 | ||
| 650 | _a1. War - International Law 2. Aggression - International Law | ||
| 700 |
_a _a |
||
| 999 |
_c23949 _d23949 |
||